00506nam a2200157Ia 450000500170000000800410001704100080005808200160006610000330008224500220011526000480013730000090018565000200019499900190021495201150023320250729165752.0250729s2015 xx 000 0 und d aeng a420.25 KARE aKarnataka Government9232545 aEnglish - 8th Std aBangalorebKarnataka Text Book Socityc2015 a184p aEnglish9232546 c239836d239836 00104070aALbALd2025-07-29eManagement Bookl0o420.25 KAREpBED05155r2025-07-29 16:57:52w2025-07-29yBK